00354nam a2200121Ia 4500008004100000020001400041050001500055100002500070245006100095260004000156300002300196650001300219150202s9999 xx 000 0 und d a874060087 aFIC bFIC  aAnderson, Marilyn D. 4aThe bridesmaid wears track shoes /cMarilyn D. Anderson. aNew York :bWillowisp Press,c1985. a94 pages :c18 cm. aFiction.